000
00292nam a2200121Ia 4500
008
190216s9999||||xx |||||||||||||| ||und||
100
_a
Adriance S Foster
245
0
_a
Practical Palnt Anatomy
260
_b
Affiliated East West Press
_c
1942
300
_a
228p
650
_a
Botany
942
_c
BK
999
_c
1034
_d
1034